Datum a čas kvízu
28
Celkem bodů
Celkový počet nahraných bodů na tomto kvízu bez doplňovacích otázek.
7.
Pořadí na kvízu
Konečné umístění týmu na tomto kvízu.
Zaznamenané odpovědi
| # | Otázka | Odpověď | Body | Výsledky |
|---|---|---|---|---|
| 1. | Jak se nazývá státní vyznamená... | Řád Tomáše Garrigua Masaryka (1. třídy) | 1 | |
| 2. | Humanoidní robot Muhammad na v... | osahával ženu | 1 | |
| 3. | 14. března vstoupil do českých... | Monty Python a Svatý Grál | 0 | |
| 4. | Automobilka Škoda představila... | Epiq | 1 | |
| 5. | Pokolikáté zvítězil fenomenáln... | popáté (4 a 6 za půl bodu) | 1 | |
| 6. | Téma začneme v Evropě. Seřaďte... | 1B 2C 3D 4A | 0 | |
| 7. | V souvislosti s Che Guevarou s... | v Argentině | 0 | |
| 8. | Jak se jmenuje tento živočich... | fosa | 0 | |
| 9. | Jak se jmenuje nejlidnatější s... | Indonésie, Jakarta | 0.5 | |
| 10. | Jak se jmenuje ostrovní stát,... | Maledivy | 0 |